Spis klanów "Wojownicy"- Klan Pioruna- "Ucieczka w dzicz". - Statystyki

Ogólne statystyki
  • Ten quiz został rozwiązany 38 razy
  • Średni wynik to 18 z 25
Statystyki odpowiedzi
podpowiedź odpowiedź % Poprawnych
zastępca Rudy Ogon
100%
przywódczyni Błękitna Gwiazda
96%
uczeń Krucza Łapa
96%
medyczka Nakrapiany Liść
96%
uczeń Szara Łapa
91%
wojownik Tygrysi Pazur
91%
uczeń Piaskowa Łapa
87%
wojownik Biała Burza
83%
wojownik Długi Ogon
83%
wojownik Lwie Serce
83%
wojownik Ciemna Pręga
78%
wojownik Mysie Futro
78%
uczeń Zakurzona Łapa
78%
starszyzna Jedno Oko
61%
karmicielka Oszronione Futro
61%
karmicielka Brązowy Pysk
57%
starszyzna Małe Ucho
57%
wojownik Szybki Wiatr
57%
karmicielka Nakrapiany Ogon
52%
karmicielka Złoty Kwiat
52%
starszyzna Łaciata Skóra
48%
starszyzna Obcięty Ogon
48%
starszyzna Pstrokaty Ogon
48%
wojownik Wierzbowa Skóra
43%
starszyzna Różany Ogon
35%
Nie znaleziono quizów pasujących do podanych kryteriów
Rozkład punktacji
Procent ludzi z każdym wynikiem
Percentyl według liczby udzielonych odpowiedzi
Twoja historia wyników
Nie rozwiązałeś tego quizu